00788nam a2200217 a 450000100100000000500170001000800410002704000250006810000330009324500720012626000330019830000200023149000390025150400270029070000280031771000490034583000450039404900090043995201050044899900170055300002961820200930055700.0110419s1997 dr 000 0 spa d aDO-SdBNPbspacBNPHU1 aSoldevilla, Américo95643510aProducción de Cordorniz /cAmérico Soldevilla, Birmania Wagner. aSanto Domingo :bFDA,c1997. a18 p. ;c28 cm.1 aGuías técnicavno. 3apecuaria aBibliografía : p. 181 aWagner, Birmania9564362 aFudación de Desarrollo Agropecuario956433 0aGuía técnicavno. 3ppecuaria956437 aBNPD 0010718PDaPDbPDcCTd2011-04-19iLF1l0o p29618-10r2020-06-25w2020-06-25yLFPDZNo se presta c29110d29110